000
00257nam a2200097Ia 4500
001
767187
005
20250826165355.0
008
250824s9999 xx 000 0 und d
245
0
_a
SİYERİ NEBİ
_c
EYÜP KİRPİTCİ
260
_b
SELÇUKLU BELEDİYESİ YAYINLARI
999
_c
767187
_d
767187